00482nam a2200193 a 4500001001300000003000900013005001700022008004100039020000900080082001600089100002400105245002400129260003500153300000900188500003500197505001300232650001900245700002400264nice12345678IN_TiNIC20260116012701.0050524s1975 newa grp 000 0 per  ac2200a891.51bBAD aBadayuni, Zia Ahmed aMasalik Woh Manazil aNew DelhibMaktaba Jamiac1975 a381p aincludes index and biblioraphy2 aAppendex aPersian Poetry1 aBadayuni, Zia Ahmed